Nate the great / (Record no. 6055)

MARC details
000 -LEADER
fixed length control field 01743nam a22003017a 4500
001 - CONTROL NUMBER
control field 6055
003 - CONTROL NUMBER IDENTIFIER
control field FISKH
005 - DATE AND TIME OF LATEST TRANSACTION
control field 20250303110138.0
008 - FIXED-LENGTH DATA ELEMENTS--GENERAL INFORMATION
fixed length control field 250303b cb ||||| |||| 00| 0 eng d
020 ## - INTERNATIONAL STANDARD BOOK NUMBER
International Standard Book Number 9780440461265
040 ## - CATALOGING SOURCE
Original cataloging agency FISKH
Language of cataloging eng
Transcribing agency FISKH
Modifying agency FISKH
050 ## - LIBRARY OF CONGRESS CALL NUMBER
Classification number PZ7.S5299 N
082 ## - DEWEY DECIMAL CLASSIFICATION NUMBER
Classification number 813
100 ## - MAIN ENTRY--PERSONAL NAME
Personal name Sharmat, Weinman Marjorie
Dates associated with a name (1928–2019)
245 ## - TITLE STATEMENT
Title Nate the great /
Statement of responsibility, etc. by Marjorie Weinman Sharmat ; illustrated by Marc Simont
250 ## - EDITION STATEMENT
Edition statement This edition first published in 1977
260 ## - PUBLICATION, DISTRIBUTION, ETC.
Place of publication, distribution, etc. New York :
Name of publisher, distributor, etc. A Yearling,
Date of publication, distribution, etc. 1972.
300 ## - PHYSICAL DESCRIPTION
Extent 63 pages :
Other physical details color illustrations ;
Dimensions 20 cm
505 ## - FORMATTED CONTENTS NOTE
Formatted contents note N<br/>
520 ## - SUMMARY, ETC.
Summary, etc. Marjorie Weinman Sharmat was born Marjorie Weinman in Portland, Maine on November 12, 1928. She received a degree in merchandising from Westbrook Junior College in 1948. She briefly worked at a department store, before taking a position in the Circulation Department at the Yale University Library in 1951. She transferred to the circulation staff at the Yale Law Library in 1954. She wrote more than 130 books for children and young adults during her lifetime. Her first children's book, Rex, was published in 1967. Her other books included the Nate the Great series; the Olivia Sharp, Agent for Secrets series written with her husband Mitchell Sharmat; The Kids of the Bus series written with her son Andrew Sharmat; I Saw Him First; and Goodnight Andrew; Goodnight Craig. She died from respiratory failure on March 12, 2019 at the age of 90. (Bowker Author Biography)
521 8# - TARGET AUDIENCE NOTE
Target audience note 530<br/>
Source Lexile<br/>
521 8# - TARGET AUDIENCE NOTE
Target audience note N<br/>
Source Raz-Plus<br/>
650 ## - SUBJECT ADDED ENTRY--TOPICAL TERM
Source of heading or term Mystery
Topical term or geographic name entry element Fiction
650 ## - SUBJECT ADDED ENTRY--TOPICAL TERM
Source of heading or term Beginning reader
Topical term or geographic name entry element Children's fiction
700 ## - ADDED ENTRY--PERSONAL NAME
Personal name Simont, Marc
Dates associated with a name illustrator
942 ## - ADDED ENTRY ELEMENTS (KOHA)
Source of classification or shelving scheme Dewey Decimal Classification
Koha item type Books
Suppress in OPAC No
Holdings
Withdrawn status Lost status Source of classification or shelving scheme Damaged status Not for loan Collection Home library Current library Shelving location Date acquired Total Checkouts Full call number Barcode Date last seen Copy number Price effective from Koha item type
    Dewey Decimal Classification     Juvenile Fiction Footprints International School Library Network Toul Kork Campus Footprints International School Library Network Toul Kork Campus TTP Primary Yellow Bookshelves 03/03/2025   SHA 813 PZ7.S5299 N 2025-0718 03/03/2025 1 03/03/2025 Books